| 000 | 01110nam a2200325 i 4500 | ||
|---|---|---|---|
| 001 | 11062 | ||
| 003 | KOSZ 005 | ||
| 005 | 20240405063004.0 | ||
| 008 | 071013s1966 pl ab g 000 0 pol | ||
| 015 | _aPB 1966/8110 | ||
| 040 |
_aWA N _cWA N _dKOSZ 005/RW _dKOSZ 005/HR |
||
| 046 | _k1966 | ||
| 080 | _a008(438) | ||
| 245 | 0 | 0 |
_aKultura Polski Ludowej / _c[aut. Stanisław Witold Balicki et al. ; red. Tadeusz Galiński]. |
| 260 |
_aWarszawa : _bPaństwowe Wydawnictwo Ekonomiczne, _c1966. |
||
| 300 |
_a441, [7] s. : _bil., mapy ; _c23 cm. |
||
| 380 | _aKsiążki | ||
| 388 | _a1901-2000 | ||
| 388 | _a1945-1989 | ||
| 648 | 7 | _a1901-2000 | |
| 648 | 7 | _a1945-1989 | |
| 650 | 7 | _aKultura | |
| 651 | 4 | _aPolska | |
| 658 | _aKultura i sztuka | ||
| 700 | 1 |
_aBalicki, Stanisław Witold _d(1909-1978) _eAutor |
|
| 700 | 1 |
_aGaliński, Tadeusz _d(1914-2013) _eRedakcja |
|
| 710 | 2 |
_aPaństwowe Wydawnictwo Ekonomiczne _4pbl. |
|
| 856 |
_uhttp://koha.tu.koszalin.pl/cgi-bin/koha/opac-detail.pl?biblionumber=11062 _yKatalog online BPK |
||
| 942 |
_2UKD _cKS |
||
| 999 |
_c11062 _d11062 |
||